| 000 | 00600nam a22002177a 4500 | ||
|---|---|---|---|
| 005 | 20210419083010.0 | ||
| 008 | 210301s2007 ||||| |||| 00| 0 eng d | ||
| 020 | _a9781400076963 | ||
| 040 |
_aeng _ceng _dDLC |
||
| 041 | _aeng | ||
| 080 |
_a57 _bG-43 |
||
| 100 |
_91197 _aGibbons, Ann |
||
| 245 |
_aThe First Human _b: The Race to Discover Our Earliest Ancestors _c/ by: Anchor Books |
||
| 250 | _a1st edition | ||
| 260 |
_aNew York _bAnchor Books _c2007 |
||
| 300 |
_a303 p. _bill. |
||
| 365 | _b15.95 usd | ||
| 650 | 0 |
_9483 _aBiology |
|
| 653 | _aბიოლოგია | ||
| 942 |
_2udc _cBK _e1 |
||
| 999 |
_c1821 _d1821 |
||